Statistics for Countries With Nuclear Reactors

Click here to take the quiz!

General Stats

  • This quiz has been taken 37 times
  • The average score is 28 of 34

Answer Stats

First ReactorAnswerCurrent Number of Reactors% Correct
1954Russia37
100%
1956United Kingdom15
100%
1956France58
97%
1962Germany7
97%
1969India22
97%
1966Japan42
97%
1978South Korea24
97%
1969Spain7
97%
1957United States of America99
97%
1971Canada19
94%
1994China46
94%
1964Sweden7
94%
1985Brazil2
91%
2013Iran1
91%
1964Italy0
91%
1972Pakistan5
89%
1978Ukraine15
89%
1974Argentina3
86%
1990Mexico2
86%
1976South Africa2
86%
1969Switzerland5
86%
1962Belgium8
83%
1969Netherlands1
80%
1996Romania2
80%
1985Czech Republic6
77%
1977Finland4
77%
1983Hungary4
77%
1974Bulgaria2
74%
1978Taiwan6
71%
1973Kazakhstan0
69%
1972Slovakia4
66%
1985Lithuania0
54%
1983Slovenia1
51%
1977Armenia1
20%

Score Distribution

Percentile by Number Answered

Percent of People with Each Score

Your Score History

You have not taken this quiz